| 000 | 00882nam a2200205Ia 4500 | ||
|---|---|---|---|
| 003 | OSt | ||
| 005 | 20241030111506.0 | ||
| 007 | ca aa aaaaa | ||
| 008 | 201103s9999 xx 000 0 und d | ||
| 040 | _cSSBUL | ||
| 041 | _abur | ||
| 082 |
_223 _a၂၉၄.၃၄၄၃ ဥတ် _b၉၁၀၄ S-SAT |
||
| 100 | 0 |
_aဥတ္တမမောဠိ၊ ဘဒ္ဒန္တ _916051 |
|
| 245 | 1 | 0 |
_aပန်ချင်သူများခေါင်းဖြီးထားတရားတော် / _cဘဒ္ဒန္တဥတ္တမမောဠိ။ |
| 260 |
_aရန်ကုန် ၊ _bယုံကြည်ချက်စာပေ၊ _c၂၀၀၅။ |
||
| 300 |
_a၁၄၇ စာမျက်နာ ၊ _c၁၇ စင်တီ။ |
||
| 500 | _aS-SAT: Dr. Sai Aung Tun | ||
| 650 |
_aဗုဒ္ဓဘာသာ _xဆရားတော် _955116 |
||
| 942 |
_2ddc _cBK1 |
||
| 999 |
_c16657 _d16657 |
||